| 000 | 00420nam a2200097Ia 4500 | ||
|---|---|---|---|
| 008 | 180130s9999 xx 000 0 und d | ||
| 245 |
_cRazaque, Abdul; Elleithy, Khaled _aInteractive prototypes for mobile collaborative learning (MCL) substantiate pedagogical activities |
||
| 260 | _c2016 | ||
| 300 | _aBook title: Recent developments in mobile technology--Acession number C20742; pages 53-61 | ||
| 650 | _aMOBILE TECHNOLOGY | ||
| 999 |
_c353762 _d353762 |
||